<?xml version="1.0" encoding="UTF-8"?><?xml-stylesheet type="text/xsl" href="static/style.xsl"?><OAI-PMH xmlns="http://www.openarchives.org/OAI/2.0/" xmlns:xsi="http://www.w3.org/2001/XMLSchema-instance" xsi:schemaLocation="http://www.openarchives.org/OAI/2.0/ http://www.openarchives.org/OAI/2.0/OAI-PMH.xsd"><responseDate>2026-06-01T04:33:44Z</responseDate><request verb="GetRecord" identifier="oai:riuma.uma.es:10630/33624" metadataPrefix="marc">https://riuma.uma.es/rest/oai/request</request><GetRecord><record><header><identifier>oai:riuma.uma.es:10630/33624</identifier><datestamp>2026-02-03T11:10:05Z</datestamp><setSpec>com_10630_2254</setSpec><setSpec>col_10630_37953</setSpec></header><metadata><record xmlns="http://www.loc.gov/MARC21/slim" xmlns:dcterms="http://purl.org/dc/terms/" xmlns:doc="http://www.lyncode.com/xoai" xmlns:xsi="http://www.w3.org/2001/XMLSchema-instance" xsi:schemaLocation="http://www.loc.gov/MARC21/slim http://www.loc.gov/standards/marcxml/schema/MARC21slim.xsd">
   <leader>00925njm 22002777a 4500</leader>
   <datafield ind2=" " ind1=" " tag="042">
      <subfield code="a">dc</subfield>
   </datafield>
   <datafield ind2=" " ind1=" " tag="720">
      <subfield code="a">Ordóñez-Casado, María Iluminada</subfield>
      <subfield code="e">author</subfield>
   </datafield>
   <datafield ind2=" " ind1=" " tag="260">
      <subfield code="c">2021</subfield>
   </datafield>
   <datafield ind2=" " ind1=" " tag="520">
      <subfield code="a">En este trabajo se pretende dar una visión de la evolución normativa que ha sufrido el servicio doméstico para, una vez determinada la situación en la que se encuentran actualmente las personas que trabajan en esta actividad, determinar si realmente cumplen con el concepto de “trabajo decente” propuesto por la OIT. Para ello comenzaremos con una breve introducción sobre la procedencia de dicho concepto y seguiremos con la evolución normativa dividida en 4 etapas que, aunque no coinciden plenamente con las etapas históricas, sí nos sirven para identificar las etapas normativas en función de características comunes. Por último, realizaremos el análisis de la situación normativa que rige este sector en la actualidad para concluir si realmente se alcanzan los objetivos para ser considerado “trabajo decente” o no.</subfield>
   </datafield>
   <datafield ind1="8" ind2=" " tag="024">
      <subfield code="a">Ordóñez-Casado, M.I. (2021). El servicio doméstico desde la perspectiva del concepto de “trabajo decente” propuesto por la OIT, Revista Internacional y Comparada de Relaciones Laborales y Derecho del Empleo 9(1), pp. 206-231. (https://ejcls.adapt.it/index.php/rlde_adapt/article/view/1083)</subfield>
   </datafield>
   <datafield ind1="8" ind2=" " tag="024">
      <subfield code="a">https://hdl.handle.net/10630/33624</subfield>
   </datafield>
   <datafield tag="653" ind2=" " ind1=" ">
      <subfield code="a">Servicio doméstico</subfield>
   </datafield>
   <datafield tag="653" ind2=" " ind1=" ">
      <subfield code="a">Seguridad social</subfield>
   </datafield>
   <datafield ind2="0" ind1="0" tag="245">
      <subfield code="a">El servicio doméstico desde la perspectiva del concepto de “trabajo decente” propuesto por la OIT</subfield>
   </datafield>
</record>
</metadata></record></GetRecord></OAI-PMH>